Politics and the economy /

"In today's societies, political and economic issues are closely intertwined, and political philosophy has turned more and more to economic issues. This Element introduces some key questions of economic philosophy: How to think about the relation between political and economic power? Can m...

Full description

Bibliographic Details
Main Author: Herzog, Lisa, 1983- (Author)
Format: eBook
Language:English
Published: Cambridge, UK ; New York, NY : Cambridge University Press, 2025.
Series:Cambridge elements. Elements in political philosophy.
Subjects:

MARC

Tag First Indicator Second Indicator Subfields
LEADER 00000cam a22000007i 4500
001 in00005777708
005 20260406152359.6
006 m o d
007 cr cnu---unuuu
008 251008t20252025enk ob 000 0 eng d
040 |a UKMGB  |b eng  |e rda  |e pn  |c UKMGB  |d OCLCO  |d OCLKB  |d PAU  |d OCLCO  |d YDX 
019 |a 1547681428 
020 |a 9781009592451 (electronic bk.) 
020 |a 9781009592437  |q electronic book 
020 |a 1009592432  |q electronic book 
020 |a 1009592459  |q electronic book 
020 |z 9781009592468  |q hardcover 
020 |z 1009592467  |q hardcover 
020 |z 9781009592413  |q paperback 
020 |z 1009592416  |q paperback 
024 7 |a 10.1017/9781009592451  |2 doi 
024 8 |a CIPO000301458 
035 |a (OCoLC)1550454417  |z (OCoLC)1547681428 
050 4 |a HB74.P65  |b H47 2025 
082 0 4 |a 330  |2 23 
100 1 |a Herzog, Lisa,  |d 1983-  |e author.  |1 https://id.oclc.org/worldcat/entity/E39PBJc7VYRJCbm9QKkT7QY773 
245 1 0 |a Politics and the economy /  |c Lisa Herzog. 
264 1 |a Cambridge, UK ;  |a New York, NY :  |b Cambridge University Press,  |c 2025. 
264 4 |c ©2025 
300 |a 1 online resource. 
336 |a text  |b txt  |2 rdacontent 
337 |a computer  |b c  |2 rdamedia 
338 |a online resource  |b cr  |2 rdacarrier 
490 1 |a Cambridge elements. Elements in political philosophy 
520 |a "In today's societies, political and economic issues are closely intertwined, and political philosophy has turned more and more to economic issues. This Element introduces some key questions of economic philosophy: How to think about the relation between political and economic power? Can markets be 'tamed'? Which values are embedded in the economy and how do those relate to political values? It answers these questions by considering arguments from three theoretical perspectives - liberal egalitarian approaches, neorepublicanism, and critical theory or socialist thought - explaining their different background assumptions but also shared grounds. To illustrate these topics, it zooms in on the future of work: How could work be made more just, democratic, and sustainable? In the conclusion, some implications for research strategies in economic philosophy are explored."--  |c Provided by publisher. 
504 |a Includes bibliographical references. 
505 8 |a Economic and political power -- Work between politics and economics 
532 1 |3 Cambridge University Press  |a "To guide us in our efforts we use the Web Content Accessibility Guidelines (WCAG) 2.2. These guidelines explain how to make web content more accessible for people with disabilities, and user friendly for everyone. The guidelines have three levels of accessibility (A, AA and AAA). Our target of compliance is level AA." Source: https://www.cambridge.org/us/accessibility. Last accessed April 22, 2025. 
588 |a Description based on online resource; title from digital title page (viewed on December 10, 2025). 
650 0 |a Economics  |x Political aspects. 
650 0 |a Economics  |x Philosophy. 
650 6 |a Économie politique et politique.  |0 (CaQQLa)201-0268424 
650 6 |a Économie politique  |0 (CaQQLa)201-0000668  |x Philosophie.  |0 (CaQQLa)201-0380041 
650 7 |a Economics  |x Political aspects  |2 fast  |0 (OCoLC)fst00902170 
650 7 |a Economics  |x Philosophy  |2 fast  |0 (OCoLC)fst00902168 
776 0 8 |i Print version :  |a Herzog, Lisa,  |t Politics and the economy  |d Cambridge, UK ; New York, NY, Cambridge University Press, 2025,  |z 9781009592468  |w (OCoLC)1534695898 
830 0 |a Cambridge elements.  |p Elements in political philosophy. 
852 8 |b POD  |z This title is available for the library to purchase for your use. Click the "Purchase It For Me" button to place a request. This item will take 5-10 business days to arrive. 
955 |a Ebook POD title 
961 |m 565731 
999 f f |i e6c987c6-9725-48b8-840f-442d8ebdc89f  |s 599a7379-08d1-49f3-ab2f-5a145dd23945  |t 0 
952 f f |a Texas A&M University  |b College Station  |c Sterling C. Evans Library  |s Evans POD  |d Purchase on Demand  |t 0  |e HB74.P65 H47 2025  |h Library of Congress classification 
998 f f |a HB74.P65 H47 2025  |t 0  |l Purchase on Demand